| 000 | 00547nam a2200217Ia 4500 | ||
|---|---|---|---|
| 003 | OSt | ||
| 005 | 20220924143033.0 | ||
| 006 | a|||||r|||| 00| 0 | ||
| 007 | ta | ||
| 008 | 220923b |||||||| |||| 00| 0 ori d | ||
| 024 | _a304467 | ||
| 037 | _cTextual | ||
| 040 |
_aARTS _cARTS _bORI |
||
| 041 |
_2ORI _aORI |
||
| 082 | _aO168,3x, 1591L3 | ||
| 100 |
_aDhal Golak Bahari _9214643 |
||
| 245 | 0 | _aSe dinara lakhnau | |
| 260 | _c1973 | ||
| 942 |
_hO168,3x, 1591L3 _cTEXL _2CC |
||
| 999 |
_c452966 _d452966 |
||